00487 a2200193 4500260001500000630002500015037001300040650002800053100001800081260001500099245009400114300001100208650001900219260000900238300000900247100000700256037001200263020001800275 aMontréal a657 - Comptabilité b1, Achat a6 - SCIENCES APPLIQUEES aBégin, Jean bBeauchemin aLes fondements de la comptabilité : tome 2, Comptabilité des entreprises commerciales a452 p. aComptabilité c1974 b24cm lFr aDE 6317 a0-7750-0202-X